Statistiques concernant Focus sur: Túrin - Tolkien

Cliquez ici pour prendre le quiz!

Statistiques générales

  • Ce quiz a été pris 10 fois
  • Le résultat moyen est 12 sur 23

Statistiques - réponses

Informations recherchéesRéponses% Correct
EspèceHomme
100%
Couleur des cheveuxNoir
100%
Ages durant lequel il vécutPremier
100%
Professions et titreHéritier de la maison de Hador et de
Dor-lómin/Guerrier
90%
Première apparitionLe Silmarillion
90%
PèreHúrin
80%
Maison (lignée)Maison de Hador
80%
Autres nomsTurambar
60%
Royaumes et contréesDoriath
50%
MèreMorwen
50%
Nargothrond
50%
EpouseNienor
50%
SœursNienor
50%
ArmeAnglachel
40%
Dor-lómin (Hithlum)
40%
CitéMenegroth
40%
Lalaith
30%
Mormegil
20%
Neithan
20%
Adanedhel
10%
Gorthol
10%
Argawaen
0%
Dor-Cúarthol
0%

Distribution des résultats

Percentile par nombre de réponses

% des personnes avec chaque résultat

Votre développement - résultats

Vous n’avez pas pris ce quiz